[Event "Granby Marathon"]
[Site "Granby CAN"]
[Date "2005.05.08"]
[Round "5"]
[White "Lewis, Patrick"]
[Black "Anastasovski, Nikola"]
[Result "1/2-1/2"]
[WhiteElo "1563"]
[BlackElo "2189"]
[PlyCount "81"]
[GameId "2160767910968543"]
[EventDate "2005.05.06"]
[EventType "swiss"]
[EventRounds "7"]
[EventCountry "CAN"]
[SourceTitle "CBM 106 Extra"]
[Source "ChessBase"]
[SourceDate "2005.07.01"]
[SourceVersion "1"]
[SourceVersionDate "2005.07.01"]
[SourceQuality "1"]

1. e4 e5 2. Nf3 Nc6 3. d4 exd4 4. Nxd4 Bc5 5. Be3 Qf6 6. c3 Nge7 7. Bc4 Qg6 8. O-O O-O 9. f3 d6 10. Nc2 Be6 11. Nd2 f5 12. Bxe6+ Qxe6 13. Bxc5 dxc5 14. exf5 Nxf5 15. Re1 Qg6 16. Ne4 Rad8 17. Qc1 h6 18. Ne3 Nh4 19. Ng3 Rd3 20. Nc4 h5 21. Re4 Nf5 22. Qc2 Rxf3 23. gxf3 Nxg3 24. Qg2 Rxf3 25. Qxf3 Nxe4+ 26. Qg2 Ng5 27. Kh1 Qe4 28. Qxe4 Nxe4 29. Kg2 Kf7 30. Re1 Nf6 31. Ne5+ Nxe5 32. Rxe5 b6 33. b4 cxb4 34. cxb4 a6 35. a4 g6 36. a5 Nd7 37. Re3 bxa5 38. bxa5 c5 39. h4 Nf6 40. Re5 Nd7 41. Re3 1/2-1/2

[Event "Granby Marathon"]
[Site "Granby CAN"]
[Date "2005.05.08"]
[Round "6"]
[White "Anastasovski, Nikola"]
[Black "Ye, Ling Feng"]
[Result "1-0"]
[WhiteElo "2189"]
[BlackElo "1911"]
[PlyCount "65"]
[GameId "2160767910968544"]
[EventDate "2005.05.06"]
[EventType "swiss"]
[EventRounds "7"]
[EventCountry "CAN"]
[SourceTitle "CBM 106 Extra"]
[Source "ChessBase"]
[SourceDate "2005.07.01"]
[SourceVersion "1"]
[SourceVersionDate "2005.07.01"]
[SourceQuality "1"]

1. c4 Nf6 2. Nc3 g6 3. e4 d6 4. g3 Bg7 5. Bg2 O-O 6. h3 c5 7. d3 Na6 8. Be3 Nc7 9. Qd2 a6 10. Bh6 Rb8 11. Nge2 b5 12. Bxg7 Kxg7 13. O-O Be6 14. b3 Bd7 15. f4 Nfe8 16. f5 Nf6 17. g4 Rb6 18. Rf2 Bc6 19. Ng3 e6 20. Raf1 d5 21. fxe6 fxe6 22. Nh5+ gxh5 23. Qg5+ Kh8 24. Rxf6 Rxf6 25. Rxf6 hxg4 26. Qe5 Kg8 27. exd5 exd5 28. cxd5 b4 29. Ne2 gxh3 30. Be4 h2+ 31. Kh1 Nxd5 32. Rxc6 Nf6 33. Qe6+ 1-0

[Event "Granby Marathon"]
[Site "Granby CAN"]
[Date "2005.05.08"]
[Round "6"]
[White "Lemay, Hugo"]
[Black "Tremblay, Alain"]
[Result "1-0"]
[WhiteElo "1434"]
[BlackElo "1349"]
[PlyCount "125"]
[GameId "2160767910968545"]
[EventDate "2005.05.06"]
[EventType "swiss"]
[EventRounds "7"]
[EventCountry "CAN"]
[SourceTitle "CBM 106 Extra"]
[Source "ChessBase"]
[SourceDate "2005.07.01"]
[SourceVersion "1"]
[SourceVersionDate "2005.07.01"]
[SourceQuality "1"]

1. c4 e5 2. g3 c6 3. Bg2 Nf6 4. Nc3 Bb4 5. Qc2 Bxc3 6. Qxc3 d6 7. d3 Nbd7 8. Nf3 h6 9. O-O O-O 10. Ne1 Nc5 11. f4 e4 12. d4 Na4 13. Qc2 Nb6 14. Bxe4 Nxe4 15. Qxe4 Re8 16. Qd3 Bh3 17. Rf2 Nd7 18. e4 Nf6 19. Re2 d5 20. cxd5 cxd5 21. e5 Ne4 22. Be3 Bf5 23. Qb3 b6 24. Ng2 Bg4 25. Rc2 f6 26. Re1 Be6 27. Nh4 Kh7 28. f5 Bf7 29. e6 Bh5 30. Rg2 Re7 31. g4 Be8 32. Nf3 Rc8 33. h4 Rec7 34. g5 h5 35. g6+ Kg8 36. Nd2 Nxd2 37. Bxd2 Rc4 38. Bc3 Qd6 39. Qd1 Qf4 40. Qxh5 Qh6 41. Qxh6 gxh6 42. h5 Kg7 43. Rge2 b5 44. e7 b4 45. Bd2 Rxd4 46. Be3 Rg4+ 47. Rg2 Rxg2+ 48. Kxg2 Rc2+ 49. Kg3 Rxb2 50. Rc1 b3 51. axb3 Rxb3 52. Kf4 Rb4+ 53. Kg3 Rb8 54. Ra1 Rb3 55. Kf2 Rb2+ 56. Kg1 Rb7 57. Rxa7 Rb8 58. Ra6 Bd7 59. Bd4 Rb1+ 60. Kf2 Rb8 61. Rxf6 Kg8 62. Rf7 Re8 63. Rg7+ 1-0

[Event "Granby Marathon"]
[Site "Granby CAN"]
[Date "2005.05.08"]
[Round "7"]
[White "Lewis, Patrick"]
[Black "Deslandes, Raynald"]
[Result "1-0"]
[WhiteElo "1563"]
[BlackElo "1611"]
[PlyCount "53"]
[GameId "2160767910968546"]
[EventDate "2005.05.06"]
[EventType "swiss"]
[EventRounds "7"]
[EventCountry "CAN"]
[SourceTitle "CBM 106 Extra"]
[Source "ChessBase"]
[SourceDate "2005.07.01"]
[SourceVersion "1"]
[SourceVersionDate "2005.07.01"]
[SourceQuality "1"]

1. e4 c5 2. Nf3 d6 3. d4 cxd4 4. Nxd4 Nf6 5. Nc3 a6 6. Be3 e5 7. Nb3 Be7 8. f3 Be6 9. Qd2 d5 10. exd5 Nxd5 11. O-O-O Nxe3 12. Qxe3 Nd7 13. Ne4 O-O 14. Kb1 b5 15. g4 b4 16. h4 Qc7 17. Ng5 Rfc8 18. Bd3 a5 19. Bxh7+ Kf8 20. Nxe6+ fxe6 21. h5 a4 22. h6 g5 23. Rxd7 Qxd7 24. Qxe5 axb3 25. Qh8+ Kf7 26. Bg6+ Kxg6 27. Qg7# 1-0

[Event "Grand Station Challenge"]
[Site "Winnipeg CAN"]
[Date "2005.06.04"]
[Round "1"]
[White "Harrop, Breagan"]
[Black "Nikouline, Alexandre"]
[Result "0-1"]
[WhiteElo "1534"]
[BlackElo "1955"]
[PlyCount "80"]
[GameId "2160767910968060"]
[EventDate "2005.06.04"]
[EventType "swiss"]
[EventRounds "5"]
[EventCountry "CAN"]
[SourceTitle "EXT 2022"]
[Source "ChessBase"]
[SourceDate "2021.10.06"]
[SourceVersion "1"]
[SourceVersionDate "2021.10.06"]
[SourceQuality "1"]

1. Nf3 Nf6 2. c4 e6 3. g3 Nc6 4. Bg2 b6 5. b3 Bb7 6. Bb2 Be7 7. a3 Na5 8. d3 c5 9. b4 cxb4 10. axb4 Bxb4+ 11. Bc3 Bxc3+ 12. Nxc3 O-O 13. O-O d5 14. cxd5 Nxd5 15. Nxd5 Qxd5 16. Ra4 e5 17. Nh4 Qd7 18. Bxb7 Nxb7 19. Qa1 Nc5 20. Qxe5 f6 21. Qf4 Qxa4 22. Qd6 Qd7 23. Qf4 g5 24. Qc4+ Qe6 25. Qxe6+ Nxe6 26. Nf5 a5 27. Kg2 a4 28. Rb1 Rfb8 29. Ne7+ Kf7 30. Nc6 a3 31. Nb4 Nd4 32. e3 a2 33. Nxa2 Rxa2 34. exd4 b5 35. Kf1 b4 36. d5 b3 37. d6 Ke6 38. Kg2 b2 39. Kf3 Ra1 40. Rxa1 bxa1=Q 0-1

[Event "Grand Station Challenge"]
[Site "Winnipeg CAN"]
[Date "2005.06.04"]
[Round "1"]
[White "Tang, Edward"]
[Black "Kwiatek, Jordan"]
[Result "1-0"]
[WhiteElo "2022"]
[BlackElo "1724"]
[PlyCount "47"]
[GameId "2160767910968061"]
[EventDate "2005.06.04"]
[EventType "swiss"]
[EventRounds "5"]
[EventCountry "CAN"]
[SourceTitle "EXT 2022"]
[Source "ChessBase"]
[SourceDate "2021.10.06"]
[SourceVersion "1"]
[SourceVersionDate "2021.10.06"]
[SourceQuality "1"]

1. e4 c5 2. Nf3 e6 3. d4 cxd4 4. Nxd4 a6 5. Nc3 b6 6. Bd3 Bb7 7. O-O Qc7 8. Kh1 Nf6 9. f4 d6 10. Qe1 Be7 11. Qg3 O-O 12. Bd2 Nbd7 13. Rae1 Rac8 14. e5 Nd5 15. Qh3 g6 16. Nxe6 fxe6 17. Qxe6+ Kh8 18. Nxd5 Bxd5 19. Qxd5 Rcd8 20. exd6 Bxd6 21. Bc3+ Nf6 22. Qg5 Kg7 23. Re6 Be7 24. Rfe1 1-0

[Event "Grand Station Challenge"]
[Site "Winnipeg CAN"]
[Date "2005.06.04"]
[Round "2"]
[White "Nikouline, Alexandre"]
[Black "Gentes, Kevin"]
[Result "1-0"]
[WhiteElo "1955"]
[BlackElo "2331"]
[PlyCount "51"]
[GameId "2160767910968062"]
[EventDate "2005.06.04"]
[EventType "swiss"]
[EventRounds "5"]
[EventCountry "CAN"]
[SourceTitle "EXT 2022"]
[Source "ChessBase"]
[SourceDate "2021.10.06"]
[SourceVersion "1"]
[SourceVersionDate "2021.10.06"]
[SourceQuality "1"]

1. e4 c5 2. Nf3 d6 3. d4 cxd4 4. Nxd4 Nf6 5. Nc3 a6 6. Bg5 e6 7. Qf3 Nbd7 8. O-O-O Qc7 9. Bd3 Be7 10. Rhe1 b5 11. Nd5 Nxd5 12. exd5 Bxg5+ 13. Kb1 Ne5 14. Qh5 Bf6 15. dxe6 g6 16. exf7+ Kxf7 17. Qh6 Bd7 18. Be4 Rae8 19. Bd5+ Ke7 20. f4 Kd8 21. fxe5 Bxe5 22. Qg5+ Kc8 23. Re3 h6 24. Qh4 Qc5 25. Rc3 Bxd4 26. Qxd4 1-0

[Event "Grand Station Challenge"]
[Site "Winnipeg CAN"]
[Date "2005.06.04"]
[Round "3"]
[White "Boron, Anthony"]
[Black "Gentes, Kevin"]
[Result "0-1"]
[WhiteElo "1966"]
[BlackElo "2331"]
[PlyCount "81"]
[GameId "2160767910968063"]
[EventDate "2005.06.04"]
[EventType "swiss"]
[EventRounds "5"]
[EventCountry "CAN"]
[SourceTitle "EXT 2022"]
[Source "ChessBase"]
[SourceDate "2021.10.06"]
[SourceVersion "1"]
[SourceVersionDate "2021.10.06"]
[SourceQuality "1"]

1. e4 c5 2. Nf3 e6 3. b3 Nc6 4. c4 d6 5. Bb2 Nf6 6. Nc3 Be7 7. d4 cxd4 8. Nxd4 O-O 9. Be2 a6 10. O-O Bd7 11. Qd2 Rc8 12. Rad1 Qc7 13. Kh1 Rfd8 14. Nc2 Ne5 15. f4 Ng6 16. Ne3 Bc6 17. Bd3 b6 18. f5 Ne5 19. Bb1 Qb7 20. Qd4 b5 21. fxe6 fxe6 22. cxb5 axb5 23. a3 Be8 24. Ne2 Bh5 25. Rd2 Rd7 26. Ng3 Bg6 27. Rc2 Rf8 28. Rcf2 Bd8 29. b4 Bb6 30. Qc3 Bxe3 31. Qxe3 Neg4 32. Rxf6 Rxf6 33. Qe2 Rxf1+ 34. Nxf1 Rf7 35. Ng3 Nf2+ 36. Kg1 Qb6 37. h3 Nxe4+ 38. Kh2 Nxg3 39. Kxg3 Bxb1 40. Qxe6 Qf2+ 41. Kh2 0-1

[Event "Grand Station Challenge"]
[Site "Winnipeg CAN"]
[Date "2005.06.04"]
[Round "3"]
[White "Nikouline, Alexandre"]
[Black "Zaczek, Jonathon"]
[Result "1-0"]
[WhiteElo "1955"]
[BlackElo "1991"]
[PlyCount "68"]
[GameId "2160767910968064"]
[EventDate "2005.06.04"]
[EventType "swiss"]
[EventRounds "5"]
[EventCountry "CAN"]
[SourceTitle "EXT 2022"]
[Source "ChessBase"]
[SourceDate "2021.10.06"]
[SourceVersion "1"]
[SourceVersionDate "2021.10.06"]
[SourceQuality "1"]

1. e4 c5 2. Nf3 a6 3. Be2 d6 4. O-O Nf6 5. d3 Nc6 6. c3 g6 7. Bg5 Bg7 8. Nbd2 O-O 9. Rc1 h6 10. Be3 Ng4 11. h3 Nxe3 12. fxe3 e5 13. Nh2 Qg5 14. Nc4 Bxh3 15. Bg4 Bxg4 16. Qxg4 Qd8 17. Rf3 b5 18. Nd2 Qc8 19. Qh4 f5 20. exf5 gxf5 21. Rcf1 Qe6 22. e4 fxe4 23. Nxe4 Rxf3 24. Rxf3 Rf8 25. Rxf8+ Kxf8 26. Ng4 Ne7 27. Qf2+ Ke8 28. Qf3 Nd5 29. c4 bxc4 30. dxc4 Nf4 31. Ne3 Kd7 32. Qd1 Kc7 33. g3 Nh3+ 34. Kg2 Ng5 1-0

[Event "Grand Station Challenge"]
[Site "Winnipeg CAN"]
[Date "2005.06.04"]
[Round "4"]
[White "Cleto, Sam"]
[Black "Nikouline, Alexandre"]
[Result "0-1"]
[WhiteElo "1808"]
[BlackElo "1955"]
[PlyCount "66"]
[GameId "2160767910968065"]
[EventDate "2005.06.04"]
[EventType "swiss"]
[EventRounds "5"]
[EventCountry "CAN"]
[SourceTitle "EXT 2022"]
[Source "ChessBase"]
[SourceDate "2021.10.06"]
[SourceVersion "1"]
[SourceVersionDate "2021.10.06"]
[SourceQuality "1"]

1. Nf3 Nf6 2. c4 e6 3. Nc3 c5 4. e4 d6 5. d4 cxd4 6. Nxd4 Nc6 7. Be2 Be7 8. O-O O-O 9. Be3 d5 10. Nxc6 bxc6 11. e5 Nd7 12. f4 f5 13. c5 Bxc5 14. Bxc5 Nxc5 15. Kh1 Qb6 16. Rb1 Ne4 17. Nxe4 fxe4 18. Qc2 Ba6 19. Bxa6 Qxa6 20. Qc5 Qb6 21. Qe7 Rae8 22. Qg5 Rf5 23. Qh4 Ref8 24. b4 g5 25. Qh6 gxf4 26. Qxe6+ Kh8 27. Rb3 Qc7 28. Rh3 Qxe5 29. Qxc6 Qg7 30. Rd1 Rg8 31. Qc2 Rg5 32. Rd2 e3 33. Re2 Qa1+ 0-1

[Event "Grand Station Challenge"]
[Site "Winnipeg CAN"]
[Date "2005.06.04"]
[Round "4"]
[White "Gentes, Kevin"]
[Black "Zaczek, Jonathon"]
[Result "1/2-1/2"]
[WhiteElo "2331"]
[BlackElo "1991"]
[PlyCount "46"]
[GameId "2160767910968066"]
[EventDate "2005.06.04"]
[EventType "swiss"]
[EventRounds "5"]
[EventCountry "CAN"]
[SourceTitle "EXT 2022"]
[Source "ChessBase"]
[SourceDate "2021.10.06"]
[SourceVersion "1"]
[SourceVersionDate "2021.10.06"]
[SourceQuality "1"]

1. e4 c5 2. Nf3 d6 3. d4 cxd4 4. Nxd4 Nf6 5. Nc3 a6 6. Bg5 e6 7. f4 b5 8. e5 dxe5 9. fxe5 Qc7 10. Qe2 Nfd7 11. O-O-O Bb7 12. Qg4 h5 13. Qh4 Nc6 14. Nxc6 Bxc6 15. Be2 Bxg2 16. Rhe1 g6 17. Ne4 Rc8 18. Rd2 Bxe4 19. Qxe4 Be7 20. Bxe7 Kxe7 21. Qh4+ Kf8 22. Red1 Kg7 23. c3 Nxe5 1/2-1/2

[Event "Grand Station Challenge"]
[Site "Winnipeg CAN"]
[Date "2005.06.04"]
[Round "4"]
[White "Prince, Colin"]
[Black "Tang, Edward"]
[Result "1-0"]
[WhiteElo "1776"]
[BlackElo "2022"]
[PlyCount "89"]
[GameId "2160767910968067"]
[EventDate "2005.06.04"]
[EventType "swiss"]
[EventRounds "5"]
[EventCountry "CAN"]
[SourceTitle "EXT 2022"]
[Source "ChessBase"]
[SourceDate "2021.10.06"]
[SourceVersion "1"]
[SourceVersionDate "2021.10.06"]
[SourceQuality "1"]

1. e4 c5 2. Nf3 d6 3. d4 cxd4 4. Nxd4 Nf6 5. Nc3 g6 6. Bc4 Bg7 7. Be3 O-O 8. f3 Nc6 9. Qd2 Bd7 10. Bb3 Qa5 11. O-O-O Rfc8 12. g4 Ne5 13. Kb1 Nc4 14. Bxc4 Rxc4 15. h4 Rac8 16. h5 Bxg4 17. fxg4 Rxc3 18. bxc3 Nxe4 19. Qd3 Nxc3+ 20. Kc1 Nxa2+ 21. Kb1 Nc3+ 22. Kc1 e5 23. Nb3 Qa3+ 24. Kd2 e4 25. Qf1 Qb4 26. Rc1 Nd5+ 27. Ke2 Qc4+ 28. Kf2 Qc3 29. Qe2 f5 30. Qd2 Qxe3+ 31. Qxe3 Nxe3 32. Kxe3 Bh6+ 33. Kd4 Bxc1 34. Rxc1 gxh5 35. gxf5 Kf7 36. Kxe4 Rc4+ 37. Kd5 Rf4 38. Nd4 Kf6 39. Re1 h4 40. Re6+ Kf7 41. Rh6 Ke8 42. Rxh7 a5 43. Rxb7 h3 44. Rh7 a4 45. Rxh3 1-0

[Event "Grand Station Challenge"]
[Site "Winnipeg CAN"]
[Date "2005.06.04"]
[Round "5"]
[White "Nikouline, Alexandre"]
[Black "Prince, Colin"]
[Result "1-0"]
[WhiteElo "1955"]
[BlackElo "1776"]
[PlyCount "79"]
[GameId "2160767910968068"]
[EventDate "2005.06.04"]
[EventType "swiss"]
[EventRounds "5"]
[EventCountry "CAN"]
[SourceTitle "EXT 2022"]
[Source "ChessBase"]
[SourceDate "2021.10.06"]
[SourceVersion "1"]
[SourceVersionDate "2021.10.06"]
[SourceQuality "1"]

1. e4 e5 2. Nf3 Nc6 3. Bb5 a6 4. Ba4 Nf6 5. O-O Be7 6. Re1 b5 7. Bb3 O-O 8. d3 d5 9. exd5 Nxd5 10. Nxe5 Nxe5 11. Rxe5 Nf6 12. Qf3 Bg4 13. Qg3 Bd6 14. f4 Bxe5 15. fxe5 Qd4+ 16. Be3 Qxb2 17. exf6 Qxa1 18. Qxg4 Qxb1+ 19. Kf2 g6 20. Qg5 Qa1 21. d4 Kh8 22. Qh6 Rg8 23. Bxf7 Qc3 24. Bxg8 Rxg8 25. f7 Qxc2+ 26. Kg3 Qf5 27. fxg8=Q+ Kxg8 28. Qf4 Qc2 29. Qe5 Qc6 30. d5 Qd7 31. Bd4 Qd6 32. Qxd6 cxd6 33. Kg4 Kf7 34. Kg5 h5 35. Bc3 Ke7 36. Kxg6 h4 37. Kg5 Kd7 38. Kxh4 Kc7 39. Ba5+ Kd7 40. Kg5 1-0

[Event "Guelph Futurity schev"]
[Site "Guelph CAN"]
[Date "2005.07.25"]
[Round "1"]
[White "Kunte, Abhijit"]
[Black "Urquhart, Eddie"]
[Result "1-0"]
[WhiteElo "2535"]
[BlackElo "2252"]
[PlyCount "57"]
[GameId "2160767910900607"]
[EventDate "2005.08.07"]
[EventType "schev"]
[EventRounds "10"]
[EventCountry "CAN"]
[SourceTitle "EXT 2007"]
[Source "ChessBase"]
[SourceDate "2006.11.23"]
[SourceVersion "1"]
[SourceVersionDate "2006.11.23"]
[SourceQuality "1"]

1. e4 c6 2. d4 d5 3. exd5 cxd5 4. c4 Nf6 5. Nc3 g6 6. cxd5 Bg7 7. Bb5+ Nbd7 8. d6 e6 9. Nf3 O-O 10. O-O Nb6 11. Bf4 a6 12. Bd3 Nh5 13. Bg5 Qxd6 14. Ne4 Qb8 15. Be7 Nd5 16. Bxf8 Bxf8 17. Rc1 b6 18. Ne5 Bb7 19. Be2 Nhf4 20. Bf3 Be7 21. Kh1 g5 22. Nc3 f6 23. Nxd5 Nxd5 24. Nc6 Qe8 25. Bxd5 exd5 26. Nxe7+ Qxe7 27. Re1 Qd6 28. Qg4 Qf8 29. Qd7 1-0

[Event "Guelph Futurity schev"]
[Site "Guelph CAN"]
[Date "2005.07.25"]
[Round "1"]
[White "MacPhail, John"]
[Black "Hamilton, Robert"]
[Result "1-0"]
[WhiteElo "2305"]
[BlackElo "2429"]
[PlyCount "141"]
[GameId "2160767910900608"]
[EventDate "2005.08.07"]
[EventType "schev"]
[EventRounds "10"]
[EventCountry "CAN"]
[SourceTitle "EXT 2007"]
[Source "ChessBase"]
[SourceDate "2006.11.23"]
[SourceVersion "1"]
[SourceVersionDate "2006.11.23"]
[SourceQuality "1"]

1. e4 c5 2. Nf3 e6 3. d3 Nc6 4. g3 d5 5. Nbd2 g6 6. Bg2 Bg7 7. O-O Nge7 8. c3 O-O 9. Re1 b5 10. exd5 Nxd5 11. a4 b4 12. c4 Nc7 13. Nb3 Qd6 14. Ng5 Na6 15. Ne4 Qe7 16. Nexc5 Nxc5 17. Bxc6 Rb8 18. Be3 Nxb3 19. Qxb3 e5 20. a5 Bb7 21. Bxb7 Qxb7 22. Ra4 Rfd8 23. a6 Qe7 24. Rd1 Bf8 25. Raa1 Qc7 26. d4 exd4 27. Rxd4 Bc5 28. Rxd8+ Rxd8 29. Bxc5 Qxc5 30. Qc2 Qd4 31. Rc1 Qf6 32. Ra1 Rd6 33. c5 Rc6 34. Rc1 Qd4 35. b3 h5 36. Qc4 Qd2 37. h4 Qd7 38. Qxb4 Rxa6 39. Qb8+ Kh7 40. b4 Rf6 41. Qe5 Re6 42. Qf4 a6 43. Qf3 Re7 44. Rd1 Qe6 45. Kg2 Qe5 46. Rd8 Kg7 47. Rd6 Qa1 48. Qd3 Re1 49. Rxa6 Rg1+ 50. Kf3 Qe5 51. Rd6 Kh7 52. Qd4 Qe8 53. c6 Rb1 54. Qe4 Rb3+ 55. Rd3 Rxd3+ 56. Qxd3 Qxc6+ 57. Ke2 Qc1 58. Qb3 Qh1 59. Qxf7+ Kh8 60. Qe8+ Kg7 61. b5 Qb1 62. Qc6 Kh6 63. b6 Kg7 64. Qc7+ Kg8 65. Kf3 Qh1+ 66. Kf4 Qd5 67. b7 g5+ 68. hxg5 Qd4+ 69. Kf5 Qd5+ 70. Kf6 Qf3+ 71. Kg6 1-0

[Event "Guelph Futurity schev"]
[Site "Guelph CAN"]
[Date "2005.07.25"]
[Round "2"]
[White "Urquhart, Eddie"]
[Black "Ganguly, Surya Shekhar"]
[Result "0-1"]
[WhiteElo "2252"]
[BlackElo "2566"]
[PlyCount "50"]
[GameId "2160767910900613"]
[EventDate "2005.08.07"]
[EventType "schev"]
[EventRounds "10"]
[EventCountry "CAN"]
[SourceTitle "EXT 2007"]
[Source "ChessBase"]
[SourceDate "2006.11.23"]
[SourceVersion "1"]
[SourceVersionDate "2006.11.23"]
[SourceQuality "1"]

1. e4 e5 2. Nf3 Nc6 3. d4 exd4 4. Bc4 Nf6 5. e5 d5 6. Bb5 Ne4 7. Nxd4 Bd7 8. Bxc6 bxc6 9. O-O Bc5 10. f3 Ng5 11. f4 Ne4 12. Be3 Qb8 13. Nc3 Qxb2 14. Nxe4 dxe4 15. Rb1 Qxa2 16. Qe2 O-O 17. Ra1 Qb2 18. Rab1 Qa3 19. Rb3 Qa4 20. Rd1 Rfd8 21. Qf1 Bg4 22. Ra1 Qxd4 23. Bxd4 Bxd4+ 24. Kh1 Bxa1 25. Rb1 e3 0-1

[Event "Guelph Futurity schev"]
[Site "Guelph CAN"]
[Date "2005.07.25"]
[Round "3"]
[White "Burnett, Ronald"]
[Black "Hamilton, Robert"]
[Result "1/2-1/2"]
[WhiteElo "2473"]
[BlackElo "2429"]
[PlyCount "80"]
[GameId "2160767910900614"]
[EventDate "2005.08.07"]
[EventType "schev"]
[EventRounds "10"]
[EventCountry "CAN"]
[SourceTitle "EXT 2007"]
[Source "ChessBase"]
[SourceDate "2006.11.23"]
[SourceVersion "1"]
[SourceVersionDate "2006.11.23"]
[SourceQuality "1"]

1. d4 Nf6 2. Nf3 e6 3. g3 b6 4. Bg2 Bb7 5. O-O d6 6. c4 Nbd7 7. Nc3 Ne4 8. Bd2 g6 9. d5 Nxd2 10. Qxd2 e5 11. b4 Bg7 12. Ne1 O-O 13. Nd3 f5 14. Rab1 a5 15. a3 axb4 16. axb4 e4 17. Nf4 Bh6 18. e3 Bxf4 19. exf4 Ba6 20. Qa2 b5 21. Rb3 Bb7 22. Qe2 bxc4 23. Qxc4 Nb6 24. Qd4 Qf6 25. Qxf6 Rxf6 26. Rd1 Rf7 27. Bf1 Re7 28. Bb5 Kf7 29. Bc6 Bxc6 30. dxc6 Ke6 31. Rbb1 d5 32. Nb5 Ra4 33. Rd4 Ra2 34. Rdd1 Kf6 35. Ra1 Rc2 36. Rdc1 Rd2 37. Rd1 Rc2 38. Rac1 Rb2 39. Rb1 Rc2 40. Rbc1 Rb2 1/2-1/2

[Event "Guelph Futurity schev"]
[Site "Guelph CAN"]
[Date "2005.07.25"]
[Round "3"]
[White "MacPhail, John"]
[Black "Urquhart, Eddie"]
[Result "1/2-1/2"]
[WhiteElo "2305"]
[BlackElo "2252"]
[PlyCount "26"]
[GameId "2160767910900618"]
[EventDate "2005.08.07"]
[EventType "schev"]
[EventRounds "10"]
[EventCountry "CAN"]
[SourceTitle "EXT 2007"]
[Source "ChessBase"]
[SourceDate "2006.11.23"]
[SourceVersion "1"]
[SourceVersionDate "2006.11.23"]
[SourceQuality "1"]

1. e4 c5 2. Nf3 e6 3. d4 cxd4 4. Nxd4 a6 5. Bd3 Bc5 6. Nb3 Be7 7. Be3 d6 8. Qe2 Nd7 9. f4 Qc7 10. N1d2 Ngf6 11. O-O b6 12. Bd4 e5 13. Be3 Bb7 1/2-1/2

[Event "Guelph Futurity schev"]
[Site "Guelph CAN"]
[Date "2005.07.25"]
[Round "4"]
[White "Hamilton, Robert"]
[Black "Kunte, Abhijit"]
[Result "1-0"]
[WhiteElo "2429"]
[BlackElo "2535"]
[PlyCount "85"]
[GameId "2160767910900619"]
[EventDate "2005.08.07"]
[EventType "schev"]
[EventRounds "10"]
[EventCountry "CAN"]
[SourceTitle "EXT 2007"]
[Source "ChessBase"]
[SourceDate "2006.11.23"]
[SourceVersion "1"]
[SourceVersionDate "2006.11.23"]
[SourceQuality "1"]

1. d4 Nf6 2. c4 e6 3. Nf3 b6 4. g3 Ba6 5. b3 Bb4+ 6. Bd2 Be7 7. Nc3 d5 8. cxd5 exd5 9. Bg5 O-O 10. Bxf6 Bxf6 11. Rc1 Re8 12. e3 Bc8 13. b4 c6 14. b5 a6 15. bxc6 Nxc6 16. Bg2 Bb7 17. O-O Na5 18. Ne1 Nc4 19. Nd3 b5 20. Nf4 Be7 21. Ncxd5 Ba3 22. Rc2 Ra7 23. Qd3 Bf8 24. a4 Ba8 25. axb5 axb5 26. Nc3 Bxg2 27. Kxg2 Ra3 28. Qe2 Qa8+ 29. Kg1 b4 30. Ncd5 Nd6 31. Nc7 Qd8 32. Nxe8 Qxe8 33. Nd5 b3 34. Rb2 Qa8 35. Nf4 Ne4 36. f3 Nd6 37. Qd3 Qb7 38. e4 Qa7 39. Ne2 Qa5 40. Rxb3 Rxb3 41. Qxb3 Qd2 42. Kf2 g5 43. Qe3 1-0

[Event "Guelph Futurity schev"]
[Site "Guelph CAN"]
[Date "2005.07.25"]
[Round "5"]
[White "Burnett, Ronald"]
[Black "Urquhart, Eddie"]
[Result "1/2-1/2"]
[WhiteElo "2473"]
[BlackElo "2252"]
[PlyCount "121"]
[GameId "2160767910900624"]
[EventDate "2005.08.07"]
[EventType "schev"]
[EventRounds "10"]
[EventCountry "CAN"]
[SourceTitle "EXT 2007"]
[Source "ChessBase"]
[SourceDate "2006.11.23"]
[SourceVersion "1"]
[SourceVersionDate "2006.11.23"]
[SourceQuality "1"]

1. e4 c5 2. Nf3 e6 3. b3 Nc6 4. Bb2 a6 5. c4 Qc7 6. g3 d6 7. Bg2 Nf6 8. Bxf6 gxf6 9. Nc3 Be7 10. O-O Rb8 11. Ne2 Bd7 12. Nf4 b5 13. cxb5 axb5 14. Nh5 Qb6 15. d3 h6 16. h3 e5 17. Nh2 Nd4 18. Ng4 Qd8 19. f4 Kf8 20. Ne3 Rg8 21. Kh2 Rg6 22. Bf3 f5 23. exf5 Nxf5 24. Nxf5 Bxf5 25. g4 Bc8 26. Be4 Rf6 27. Nxf6 Bxf6 28. fxe5 Bxe5+ 29. Kg2 Be6 30. Rc1 h5 31. Qf3 Qh4 32. Rf2 Ke7 33. Rh1 Rg8 34. Bf5 Bxf5 35. Qxf5 Rg7 36. Qe4 hxg4 37. Qb7+ Ke6 38. Qxb5 gxh3+ 39. Kf1 Qh5 40. Qe8+ Kd5 41. Qa8+ Ke6 42. Qf3 Qxf3 43. Rxf3 h2 44. d4 cxd4 45. b4 Kd5 46. Kf2 Kc4 47. a3 f6 48. Rh3 Kb5 49. Rb1 Ra7 50. Kg2 Rc7 51. a4+ Kxa4 52. b5 Rc2+ 53. Kh1 Rc3 54. Rh5 d3 55. Rh3 d5 56. b6 d4 57. Rd1 d2 58. Rxh2 Bxh2 59. Kxh2 Rc8 60. Rxd2 Rd8 61. b7 1/2-1/2

[Event "Guelph Futurity schev"]
[Site "Guelph CAN"]
[Date "2005.07.25"]
[Round "5"]
[White "Ganguly, Surya Shekhar"]
[Black "Hamilton, Robert"]
[Result "1-0"]
[WhiteElo "2566"]
[BlackElo "2429"]
[PlyCount "41"]
[GameId "2160767910900625"]
[EventDate "2005.08.07"]
[EventType "schev"]
[EventRounds "10"]
[EventCountry "CAN"]
[SourceTitle "EXT 2007"]
[Source "ChessBase"]
[SourceDate "2006.11.23"]
[SourceVersion "1"]
[SourceVersionDate "2006.11.23"]
[SourceQuality "1"]

1. e4 e6 2. d4 d5 3. Nc3 Nf6 4. Bg5 Bb4 5. e5 h6 6. Be3 Nfd7 7. Qg4 Bf8 8. f4 c5 9. Nf3 g6 10. Bd3 c4 11. Bxg6 Nb6 12. f5 Rg8 13. Bxf7+ Kxf7 14. Qh5+ Ke7 15. f6+ Kd7 16. Qf7+ Be7 17. fxe7 Qe8 18. Qxe8+ Kxe8 19. O-O h5 20. Nb5 Na6 21. Bg5 1-0

[Event "Guelph Futurity schev"]
[Site "Guelph CAN"]
[Date "2005.07.25"]
[Round "6"]
[White "Hamilton, Robert"]
[Black "MacPhail, John"]
[Result "1/2-1/2"]
[WhiteElo "2429"]
[BlackElo "2305"]
[PlyCount "22"]
[GameId "2160767910900629"]
[EventDate "2005.08.07"]
[EventType "schev"]
[EventRounds "10"]
[EventCountry "CAN"]
[SourceTitle "EXT 2007"]
[Source "ChessBase"]
[SourceDate "2006.11.23"]
[SourceVersion "1"]
[SourceVersionDate "2006.11.23"]
[SourceQuality "1"]

1. d4 Nf6 2. c4 e6 3. Nf3 b6 4. g3 Bb7 5. Bg2 Be7 6. O-O O-O 7. Nc3 Ne4 8. Nxe4 Bxe4 9. e3 d6 10. b3 Nd7 11. Bb2 Qc8 1/2-1/2